=LDR 00000nam 2200000 4500 =001 NUTBA000000000003952 =005 20140829112152.0 =006 =007 =008 =020 ##$$a 978-602-7602-36-6 =035 ##$$a 0010-081400000000797 =040 ##$$a NBPDMAT =090 ##$$a 616 $b Sup t =100 ##$$a Supriyadi Amir =245 ##$$a Tahukah anda ? segala penyakit bisa sembuh tanpa obat/ $c Supriyadi Amir, Rokimun =260 ##$$a Jakarta : $b Dunia Sehat, $c 2014 =300 ##$$a vi, 180 hlm. : $b ilus. ; $c 24 cm. =500 ##$$a Bibliografi : hlm. 178 =650 ##$$a Penyakit - Pencegahan dan Perawatan =700 ##$$a Rokimun =850 ##$$a NBPDMAT =990 ##$$a 21407877